| 000 | 00387nam a22001577a 4500 | ||
|---|---|---|---|
| 003 | OSt | ||
| 005 | 20251212102747.0 | ||
| 008 | 251212b |||||||| |||| 00| 0 eng d | ||
| 020 | _a978-0198064633 | ||
| 040 | _cIIMT UNIVERSITY | ||
| 100 | _aBANSAL, TARUN | ||
| 245 | _aHOTEL FACILITY PLANNING | ||
| 260 |
_aNEW DELHI _bOXFORD UNIVERSITY PRESS _c2014 |
||
| 300 | _a322 | ||
| 942 |
_2ddc _c01 |
||
| 999 |
_c66833 _d66833 |
||